00581cam a22001571i 4500082001700000100002400017245009500041260004900136300003300185490009600218526003700314650000800351650002400359650002000383700002000403 a624.151bCED1 aCedergren, Harry R.10aSoil engineering and asphalt pavement design /cby Harry R. Cedergren [and] W.R. Lovering. aBerkeley :bUniversity of California,c1968. avi, 156 p. :bill. ;c28 cm.0 aUniversity of California. Institute of Transportation and Traffic Engineering. Course notes a0b0c0d624_151000000000000_CED 0aMCE 0aPavements, Asphalt. 0aSoil mechanics.1 aLovering, W. R.